Missing Word: Radiohead Quiz Stats

 Plays Quiz Updated Jun 30, 2016

Also try: Radiohead Songs
Challenge
Share
Tweet
Embed
Score 0/20 Timer 03:00
1 Play Today
Song Missing Word % Correct
___ of CardsHouse
91.2%
Karma ___Police
87.7%
___ AndroidParanoid
86.5%
Motion ___ SoundtrackPicture
86.3%
High and ___Dry
82.2%
Fake Plastic ___Trees
81.2%
___ in Its Right PlaceEverything
81.1%
My ___ LungIron
79.5%
The ___ AnthemNational
73.1%
Exit Music (For a ___)Film
70.6%
Song Missing Word % Correct
Subterreanean Homesick ___Alien
68.2%
Knives ___Out
67.5%
Fitter ___Happier
65.7%
___ Fishes/ArpeggiWeird
63%
___ FlowerLotus
61.1%
A ___ at the DoorWolf
60.4%
___ Step15
60%
___ Falling Into PlaceJigsaw
60%
Like Spinning ___Plates
58.1%
Black ___ Star
51.9%

Today's Daily Dose

You're not logged in!

Compare scores with friends on all Sporcle quizzes.
Join for Free
OR
Log In

You Might Also Like...

Show Comments

Extras

Top Quizzes Today


Score Distribution

Your Account Isn't Verified!

In order to create a playlist on Sporcle, you need to verify the email address you used during registration. Go to your Sporcle Settings to finish the process.

Report this User

Report this user for behavior that violates our Community Guidelines.

Details: